The strength of nations : a study in social theory, /

"This book examines the social theory of nations. It looks at sciences, economics, human nature, government, society, and values. In addition, it strives to understand the dynamics and habits of these different pieces." (PsycINFO Database Record (c) 2007 APA, all rights reserved).

Bibliographic Details
Main Author: Soule, George Henry, 1887-1970
Format: eBook
Language:English
Published: New York : Macmillan Company, 1942.
Subjects:
Online Access:Connect to the full text of this electronic book

MARC

Tag First Indicator Second Indicator Subfields
LEADER 00000cam a2200000K 4500
001 in00003522021
005 20190407115837.0
006 m o d
007 cr bn||||||abp
007 cr bn||||||ada
008 100327s1942 nyu ob 000 0 eng d
019 |a 655817817 
035 |a (OCoLC)ocn580456218 
035 |a (OCoLC)580456218  |z (OCoLC)655817817 
040 |a OCLCE  |b eng  |e pn  |c OCLCE  |d OCLCQ  |d VLB  |d NKT  |d OCLCO  |d OCLCQ  |d UBY  |d OCLCF  |d OCLCQ  |d UtOrBLW 
042 |a dlr 
049 |a TXAM 
050 4 |a H61  |b .S78 
070 4 |a 280  |b So83 
072 0 |a X800 
082 0 4 |a 301.15 
100 1 |a Soule, George Henry,  |d 1887-1970. 
245 1 4 |a The strength of nations :  |b a study in social theory, /  |c by George Soule ... 
264 1 |a New York :  |b Macmillan Company,  |c 1942. 
300 |a 1 online resource (5 preliminary leaves, 268 pages) 
336 |a text  |b txt  |2 rdacontent 
337 |a computer  |b c  |2 rdamedia 
338 |a online resource  |b cr  |2 rdacarrier 
500 |a "First printing." 
504 |a "Selected bibliography": pages 259-262. 
538 |a Master and use copy. Digital master created according to Benchmark for Faithful Digital Reproductions of Monographs and Serials, Version 1. Digital Library Federation, December 2002.  |u http://purl.oclc.org/DLF/benchrepro0212  |5 MiAaHDL 
583 1 |a digitized  |c 2010  |h HathiTrust Digital Library  |l committed to preserve  |2 pda  |5 MiAaHDL 
520 |a "This book examines the social theory of nations. It looks at sciences, economics, human nature, government, society, and values. In addition, it strives to understand the dynamics and habits of these different pieces." (PsycINFO Database Record (c) 2007 APA, all rights reserved). 
588 |a Description based on print version record. 
500 |a Electronic resource. 
650 0 |a Social sciences. 
650 0 |a Psychology. 
650 7 |a Psychology.  |2 fast  |0 (OCoLC)fst01081447 
650 7 |a Social sciences.  |2 fast  |0 (OCoLC)fst01122877 
655 7 |a Electronic books.  |2 local 
730 0 |a PsycBOOKs. 
776 1 8 |i Print version:  |a Soule, George Henry, 1887-1970.  |t Strength of nations.  |d New York, Macmillan Co., 1942  |w (DLC) 42009066  |w (OCoLC)728764 
856 4 0 |u http://proxy.library.tamu.edu/login?url=http://search.ebscohost.com/direct.asp?db=pzh&jid=200702199&scope=site  |z Connect to the full text of this electronic book  |t 0 
994 |a 92  |b TXA 
999 |a MARS 
999 f f |s f712ded5-6d51-3767-9a94-ef08c6a575d9  |i 537ff8aa-4e56-3c39-92b2-59cfbb75f0a4  |t 0 
952 f f |a Texas A&M University  |b College Station  |c Electronic Resources  |d Available Online  |t 0  |e H61 .S78  |h Library of Congress classification 
998 f f |a H61 .S78  |t 0  |l Available Online